Código tributario: citas de jurisprudencia, anotado y concordado, índice temático alfabético, apéndices
Na minha lista:
| Formato: | Livro |
|---|---|
| Idioma: | espanhol |
| Publicado em: |
Santiago
LexisNexis
2004
|
| Edição: | 4a. ed |
| Colecção: | Códigos de la República de Chile
|
| Assuntos: | |
| Tags: |
Adicionar Tag
Sem tags, seja o primeiro a adicionar uma tag!
|
MARC
| LEADER | 00000nam a2200000 a 4500 | ||
|---|---|---|---|
| 001 | UCL7223 | ||
| 003 | CL-VaPUC | ||
| 008 | 040514e20040300CL |||||||||||||||||spa|d | ||
| 020 | |a 9562384608 | ||
| 082 | 0 | 4 | |a 343.8304 |b COD |2 21 |
| 245 | 1 | 0 | |a Código tributario: citas de jurisprudencia, anotado y concordado, índice temático alfabético, apéndices |
| 250 | |a 4a. ed | ||
| 300 | |a 373 p | ||
| 942 | |c BK | ||
| 945 | |d 20040514 00:00:00 |a cmena | ||
| 260 | |a Santiago |b LexisNexis |c 2004 | ||
| 650 | 0 | |a Código tributario |9 350428 | |
| 650 | 0 | |a Derecho tributario chileno |9 485061 | |
| 583 | |a last modification |c 20040514 00:00:00 |k Rodrigo Vera | ||
| 490 | 0 | |a Códigos de la República de Chile | |
| 999 | |c 309073 |d 309071 | ||
| 952 | |0 0 |1 0 |2 ddc |4 0 |6 343_830400000000000_COD_2004 |7 0 |8 FOND_LRYV |9 376183 |a BIBDER |b BIBDER |d 2019-11-21 |i 4017463 |o 343.8304 COD 2004 |p 4017463 |r 2023-01-25 |w 2019-11-21 |y BK_X |k DER | ||
| 952 | |0 0 |1 0 |2 ddc |4 0 |6 343_830400000000000_COD_2004 |7 0 |8 FOND_LRYV |9 376187 |a BIBDER |b BIBDER |d 2019-11-21 |i 4017501 |o 343.8304 COD 2004 |p 4017501 |r 2023-01-25 |w 2019-11-21 |y BK_X |k DER | ||
| 952 | |0 0 |1 0 |4 0 |6 343_830400000000000_COD_2004 |7 0 |8 A |9 376190 |a BIBGIM |b BIBGIM |d 2019-11-21 |i 4037820 |o 343.8304 COD 2004 |p 4037820 |r 2025-01-15 |w 2019-11-21 |y BK |k COM | ||
| 952 | |0 0 |1 0 |4 0 |6 343_830400000000000_COD_2004 |7 0 |8 A |9 376191 |a BIBGIM |b BIBGIM |d 2019-11-21 |i 4037812 |o 343.8304 COD 2004 |p 4037812 |r 2025-01-15 |w 2019-11-21 |y BK |k COM | ||
| 952 | |0 0 |1 0 |4 0 |6 343_830400000000000_COD_2004 |7 0 |8 A |9 376192 |a BIBGIM |b BIBGIM |d 2019-11-21 |i 4037804 |o 343.8304 COD 2004 |p 4037804 |r 2025-01-15 |w 2019-11-21 |y BK |k COM | ||